000 00335nam a22001697a 4500
003 UA-OsUOA
001 4291
007 ta
008 20050721b un ||||| |||| 00| 0 ukr d
100 _aGille
700 _aRene
942 _cBK
040 _aUA-OsUOA
_cUA-OsUOA
_dUA-OsUOA
245 _aLe Test-Film.
955 _a2
650 7 _2UDC
999 _c290453
_d290453